000 01321cam a22003737a 4500
003 CHAP
005 20220329135608.0
008 971013s1994 r 00010 d
010 _a39058
011 _a40030
035 _a44155
040 _cCHAP
090 _aTesis
100 0 0 _aFlores Carnalla, Enrique.
_941461
245 0 _aManejo integrado de hongos que dañan la rizosfera del crisantemo (Chrysanthemum morifolium Ramat)
260 _aChapingo, Méx. :
_bEl autor,
_c1994
300 _a112 h.
_b; graf.
502 _aTesis (Ing. Agr. Esp. en Parasitología Agrícola -- UACH. Departamento de Parasitología Agrícola
590 _aALEPH
_b10
_c20130110
_lUCH01
_h1305
590 _aBATCH-UPD
_b10
_c20130110
_lUCH01
_h1830
590 _aBATCH-UPD
_b10
_c20130410
_lUCH01
_h1202
590 _aBATCH-UPD
_b10
_c20130914
_lUCH01
_h1041
590 _aCONVERSION
_b10
_c20130109
_lUCH01
_h1322
650 1 4 _aControl de plagas.
_927595
650 1 4 _aCrisantemo
_xEnfermedades por hongos.
_928951
650 1 4 _aDendranthema morifolium.
_931769
650 1 4 _aFungicidas.
_944044
650 1 4 _aManejo integrado de plagas.
_970365
650 1 4 _aRizósfera.
_997820
901 _aBK
942 _cFOLL
949 _bBC
_cTES
_d-101126
_eTS1
_h27475
_i44155
_si
949 _bBC
_cTES
_d33724002054520
_eTS2
_fc.2
_h27476
_i44155
_si
999 _c39058
_d39058